La Banca privada en Madrid entre 1920 y 1935 / J. Víctor Arroyo
Descripción Física:
99 p. : il. ; 25 cm
Materias:
Bancs -- Madrid -- 1920/1935
MARC
| LEADER | 00000nam a2200000Ia 4500 | ||
|---|---|---|---|
| 001 | 12117 | ||
| 008 | 160829s1998 xx 000 0 cat d | ||
| 080 | |a M-3-300 | ||
| 100 | |a Arroyo, J. Víctor |9 23811 | ||
| 245 | |a La Banca privada en Madrid entre 1920 y 1935 / J. Víctor Arroyo | ||
| 260 | |a Bilbao : |b Banco Bilbao Vizcaya. Archivo Histórico, |c 1998 | ||
| 300 | |a 99 p. : |b il. ; |c 25 cm | ||
| 490 | |a Informaciones : Cuadernos de Archivo ; época IV, año VI, núm. 55 | ||
| 650 | |a Bancs |x Madrid |x 1920/1935 |9 25622 | ||
| 710 | 2 | |a Banco Bilbao Vizcaya Argentaria. |b Archivo Histórico |9 54521 | |
| 901 | |a Arxiu | ||
| 942 | |n 1 | ||
| 952 | |0 0 |1 0 |4 0 |6 M3300 |7 1 |9 43706 |a Arxiu |b Arxiu |d 2016-12-01 |l 0 |o M-3-300 |p 12117 |r 2016-12-01 00:00:00 |w 2016-12-01 |y ARXIU | ||
| 999 | |c 46254 |d 46254 | ||